000 01162nam0a2200325 4500
001 RU\NLR\BIBL_A\022379412
005 20260420021348.0
010 _a978-5-04-202561-7
_98000
021 _aRU
_bКН-П-24-058418
_9КН-П-24-5812
035 _a(NLR Aleph) 022379412
090 _a13669961
_c13669961
100 _a20241112d2024 m y0rusy50 ca
101 1 _arus
_ceng
102 _aRU
105 _ay z 000ay
181 0 _ai4
_baxxe
182 0 _an
200 1 _aИскусительная маленькая воровка
_fМеган Брэнди
_gперевод с английского Т. Косоруковой
203 _aТекст
_bвизуальный
_cнепосредственный
210 _aМосква
_cЭксмо, Inspiria
_d2024
215 _a475, [2] c.
_d21
300 _aСодержит нецензурную брань
333 _a18+
686 1 _aШ6(7США)67-440.4{Лх1979-50}
700 1 _7ca
_8rus
_aБрэнди
_bМ.
_gМеган
_9234286
_3RU\NLR\AUTH\770234342
942 _cBOOK
980 _aNB